MDQL
is popping MORE tags! Check the
thread
!
Quizzes
Events
Quiz Creation
Community
Videos
Private Events
Remove Ads
Sign In
Join for FREE
Feedback
Dark Mode
Quiz Categories
Sports
Geography
Music
Movies
Television
Just For Fun
Miscellaneous
History
Literature
Language
Science
Gaming
Entertainment
Religion
Holiday
For Kids
Quiz Lab
Recent
Popular Today
Quiz Kudos Today
Editor Picks
Curator Picks
Quizzes by...
Day
Popularity
Type
Ratings
Length
Year
Community
Subscriptions
Recent Discussions
Orange Saloon
Badges
Playlists
Quests
Create
Leaderboards
Showdown
Live 5
Trivia Bingo
Activity
Puzzle Library
Sporcle Events
Private Events
Virtual Trivia
Globe League
Become a Host
Pub Owners
SporcleCon
Opinionation
Our Games
Videos
Blog
Mobile Apps
Partnerships
Remove Ads and Go Orange
Feedback
Geography
Country
Landmarks
City
State
Population
World
Capital
Continent
Flags
Europe
Africa
Asia
South America
North America
Oceania
Border
Canada
United Kingdom
Topography
United States
Geography
Country
Landmarks
City
State
Population
World
Capital
Continent
Flags
Europe
Africa
Asia
South America
North America
Oceania
Border
Canada
United Kingdom
Topography
United States
Random Quiz
Search Sporcle
×
Quiz Lab
Quiz Lab
Geography
Capital
Type in answers that appear in a list
Type in answers that appear in a list
Classic
Best Score? Go Orange.
U.S. capitals without looking Stats
Can you name the U.S. state capitals without looking?
By
Psycho
6m
50 Questions
931 Plays
931 Plays
931 Plays
Comments
Comments
Give Quiz Kudos
Give Quiz Kudos
-
- Ratings
hide this ad
Replay
Link that replays current quiz
Next Quiz
Link to next quiz in quiz playlist
You Got
0%
They Got
Avg Score
84%
Avg Friend Score
Upgrade to see
Score Distribution
Jump to the score distribution portion of the page
Score
0/50
Timer
06:00
0
Plays Today
% Correct
Albany
93.7%
Sacramento
93.1%
Austin
91.9%
Atlanta
91%
Tallahassee
90.8%
Denver
89.4%
Phoenix
89.1%
Boston
88.7%
Baton Rouge
87.8%
Honolulu
87.6%
Columbus
86.3%
Oklahoma City
86.2%
Boise
86.1%
Jackson
86%
Indianapolis
85.8%
Augusta
85.5%
Juneau
85.3%
Dover
85.2%
Little Rock
85.1%
Nashville
84.7%
Des Moines
84.6%
Olympia
84.6%
Annapolis
84.1%
Raleigh
84.1%
Carson City
83.8%
% Correct
Springfield
83.3%
St. Paul
83.3%
Santa Fe
83.1%
Salem
83%
Salt Lake City
83%
Providence
82.9%
Bismarck
82.8%
Pierre
82.8%
Helena
82.6%
Hartford
82.5%
Lansing
82.4%
Harrisburg
82.3%
Topeka
81.5%
Lincoln
81.3%
Cheyenne
81.2%
Frankfort
81.2%
Montpelier
81%
Trenton
81%
Richmond
80.6%
Columbia
80.4%
Madison
80.2%
Montgomery
80.2%
Charleston
79.9%
Concord
79.1%
Jefferson City
78.3%
Quiz Playlist
Details
Report
Send in Message
Add To Playlist
Classic:
Type in answers that appear in a list
Last Updated: Feb 16, 2017
Quiz Scoreboard
CHALLENGE
Sign Up to Join the Scoreboard
Show All
Scores
Hide
Comments
May contain spoilers
Recently Published
Colored Red Africa Blitz
by spor1
Geography
30s
Find the 'City' Movie
by crazypaving
Movies
60s
5x2 Blitz: Bands
by SL_Kpop136
Music
30s
More to Explore
Quiz From the Vault
Featured Blog Post
14 Easter Pick-up Lines to Find Eggs With
hide this ad
You Might Also Like...
Tags
Capital Quiz
State Quiz
Looking
Today's Top Quizzes in Geography
Browse Geography
hide this ad
Today's Top Quizzes in Capital
Browse Capital
Top Contributed Quizzes in Geography
1
Colored Red Europe Blitz I
2
Countries of the World - No Outlines Minefield
3
Colored Red Africa Blitz II
4
Colored Red Europe Blitz II
5
Colored Red Europe Blitz III
6
Colored Red Africa Blitz III
7
Colored Red States Blitz I
8
Colored Red States Blitz II
9
Lietuvos savivaldybės (Lithuanian Municipalities)
10
A Different View: World Oceans
Explore More
Trending Topics
Kpop
Anime
Crossword
Disney
Harry Potter
NBA
Marvel
NFL
Soccer
Country
Song
Pokémon
The Office
WWE
Puzzle
hide this ad
More By:
Psycho
Quiz
Plays
Rating
Category
Featured
Created
Five Biggest US Cities...
259,671
4.65
Geography
Apr 6, 2010
The Finland Quiz
52,028
4.48
Geography
Mar 15, 2010
Cities of Finland
6,992
4.40
Geography
Sep 29, 2009
Five biggest US cities II
6,262
4.38
Geography
Apr 9, 2010
'E'-less US Cities
2,694
4.39
Geography
Mar 1, 2012
Go to Creator's Profile
Score Distribution
Quiz Creator Spotlight
Psycho
Follow
Send a Message
Quizzes Created
-
Created Quiz Play Count
-
More By This Creator
Popular Quizzes Today
1
Colored Red Africa Blitz
2
Find the 'City' Movie
3
5x2 Blitz: Bands
4
Find the US States - No Outlines Minefield
5
The Countries of the World
6
Find the US States
7
US States
8
Find the Countries of Europe - No Outlines Minefield
More Geography Quizzes
Acrostic Bhutan
Quiz Lab
Trending Quizzes
Colored Red Europe Blitz I
Colored Red Europe Blitz II
Colored Red Africa Blitz II
Colored Red Europe Blitz III
Colored Red Africa Blitz III
Recently Updated
How Do You Spell That?
pecheneg
Godzilla Movies
pecheneg
Grab Bag: 4-10 Letters
pecheneg
2024 March Madness Bracket
pecheneg
Famous TV Couples
Peacemaker
Champions League XIs: Real Madrid
pecheneg
Largest US Cities 1790-2010
pecheneg
Rides in Walt Disney World
pecheneg
Most Oscar Losses (Acting)
pecheneg
Beyoncé Albums
pecheneg
Trending Topics
Marvel
Disney
Harry Potter
NBA
Kpop
Anime
Crossword
Country
NFL
Puzzle
The Office
Pokémon
Song
WWE
Soccer
Your Account Isn't Verified!
In order to create a playlist on Sporcle, you need to verify the email address you used during registration. Go to your
Sporcle Settings
to finish the process.
Report this User
Report this user for behavior that violates our
Community Guidelines
.
Details:
Send Report
Go to the Sporcle.com Mobile Site →
Comments